000 00294 a2200073 4500
245 0 _aKodeks postępowania administracyjnego :
_bUstawa o naczelnym Sądzie Administracyjnym.Stan prawny na dzień 15.IV.1980 r. /
_c.
710 2 _aWyd.Praw..
_eWydawca
_4pbl
260 _aWarszawa :
_bWyd.Praw.,
_c1980.
300 _a94 s.;
_c24 cm.
999 _c15961
_d15961